[Event "AUS-ch Seniors"]
[Site "Melbourne"]
[Date "2002.01.07"]
[Round "9"]
[White "Egan, Bill"]
[Black "Korda, Gus"]
[Result "1-0"]
[WhiteElo "1622"]
[BlackElo "1762"]
[PlyCount "105"]
[EventDate "2001.12.28"]
[EventType "swiss"]
[EventRounds "11"]
[EventCountry "AUS"]
[SourceTitle "EXT 2003"]
[Source "ChessBase"]
[SourceDate "2002.11.25"]
[SourceVersion "1"]
[SourceVersionDate "2002.11.25"]
[SourceQuality "1"]

1. d4 d5 2. c4 e6 3. Nc3 Nf6 4. cxd5 exd5 5. Bf4 Be7 6. e3 0-0 7. Nf3 Re8 8. Be2 h6 9. h3 Nbd7 10. 0-0 c6 11. Qc2 Nf8 12. Rac1 g5 13. Bg3 Kg7 14. Ne5 Ne4 15. Nxe4 dxe4 16. Bh5 Be6 17. Qxe4 Bxa2 18. Qf3 Bf6 19. Ng4 Bd5 20. Qxf6+ Qxf6 21. Nxf6 Kxf6 22. Be5+ Ke7 23. Bg7 Ne6 24. Be5 Rf8 25. Bg4 f6 26. Bg3 f5 27. Be2 f4 28. Bh2 Rae8 29. Bh5 Rd8 30. Rfe1 fxe3 31. Rxe3 Kd7 32. Bg4 Rde8 33. Rce1 a5 34. Re5 b5 35. R1e3 a4 36. Bg3 b4 37. h4 Rg8 38. h5 Re7 39. f3 Rd8 40. Be1 Rb8 41. Bd2 a3 42. bxa3 b3 43. Bb4 Ree8 44. Re2 Bc4 45. Rb2 Kc7 46. Bxe6 Rxe6 47. Rxe6 Bxe6 48. Kf2 Kb6 49. Ke3 Kb5 50. Kd3 Bc4+ 51. Kc3 Re8 52. a4+ Kxa4 53. Kxc4 1-0

[Event "AUS-ch Seniors"]
[Site "Melbourne"]
[Date "2001.12.29"]
[Round "2"]
[White "Lamberts, Gunnars"]
[Black "Korda, Gus"]
[Result "0-1"]
[WhiteElo "1221"]
[BlackElo "1762"]
[PlyCount "48"]
[EventDate "2001.12.28"]
[EventType "swiss"]
[EventRounds "11"]
[EventCountry "AUS"]
[SourceTitle "EXT 2003"]
[Source "ChessBase"]
[SourceDate "2002.11.25"]
[SourceVersion "1"]
[SourceVersionDate "2002.11.25"]
[SourceQuality "1"]

1. d4 e6 2. e3 d5 3. Bd3 Nf6 4. Nf3 Bd6 5. 0-0 Nbd7 6. Nbd2 0-0 7. c3 b6 8. e4 Bf4 9. exd5 exd5 10. Re1 Bb7 11. Nf1 Bd6 12. Qc2 Ne4 13. Ng3 Re8 14. Nxe4 dxe4 15. Bxe4 Bxe4 16. Rxe4 Rxe4 17. Qxe4 Nf6 18. Qh4 Be7 19. Qh3 Nd5 20. Ne5 Qd6 21. Qf3 Rf8 22. Bd2 Bf6 23. Re1 c5 24. Nc4 Qd7 0-1

[Event "AUS-ch Seniors"]
[Site "Melbourne"]
[Date "2001.12.28"]
[Round "1"]
[White "Korda, Gus"]
[Black "Viner, Phillip John"]
[Result "0-1"]
[WhiteElo "1762"]
[BlackElo "2203"]
[PlyCount "106"]
[EventDate "2001.12.28"]
[EventType "swiss"]
[EventRounds "11"]
[EventCountry "AUS"]
[SourceTitle "EXT 2003"]
[Source "ChessBase"]
[SourceDate "2002.11.25"]
[SourceVersion "1"]
[SourceVersionDate "2002.11.25"]
[SourceQuality "1"]

1. d4 Nf6 2. Nf3 b6 3. e3 Bb7 4. Bd3 c5 5. 0-0 g6 6. Nbd2 Bg7 7. c3 Nc6 8. e4 cxd4 9. cxd4 0-0 10. Re1 d6 11. a3 Rc8 12. b4 d5 13. e5 Ne8 14. Bb2 Nc7 15. Rc1 Qd7 16. Qe2 Bh6 17. Rc2 Ne6 18. g3 Nb8 19. Rec1 Rxc2 20. Rxc2 Rc8 21. Rxc8+ Qxc8 22. Ne1 Qd7 23. f4 Nc7 24. Nf1 Bc6 25. Ne3 Bb5 26. N1g2 Bxd3 27. Qxd3 Kf8 28. g4 Qb5 29. Qxb5 Nxb5 30. g5 Bg7 31. Ne1 Nc6 32. N1c2 Nc7 33. f5 f6 34. exf6 exf6 35. h4 Ne7 36. Kg2 gxf5 37. Ne1 Ne6 38. Nf3 fxg5 39. hxg5 b5 40. Kh3 Nf4+ 41. Kh4 Nd3 42. Bc3 Kf7 43. Nc2 Ke6 44. Kg3 Ng6 45. Nce1 f4+ 46. Kg2 Nxe1+ 47. Bxe1 Kf5 48. Kh3 Ke4 49. Kg4 Bxd4 50. Nxd4 Kxd4 51. Bf2+ Ke5 52. Bxa7 d4 53. Bxd4+ Kxd4 0-1